00365nam a2200097Ia 4500008004100000245005100041260006300092300002000155650001700175856007500192160712s9999 xx 000 0 und d aGenetic Resources Action International (GRAIN) c2011bKasarinlan Philippine Journal of Third World Studies avol. 26 no. 1-2 xINDEPENDENCE uhttp://journals.upd.edu.ph/index.php/kasarinlan/issue/view/331/showToc